02693nab a2200265uuc4500001000800000005001700008008004100025035001200066040001300078041000800091100005400099245010200153520170400255650001801959650002201977650002601999650003102025700005502056700006902111700005102180700005202231773011502283942001002398999001902408157056320240529085713.0220506e20140701 spa  a1570563 ccomduadb aspa10aEsquivia Mercado, Mabel Beatriz4auteaut940295310aProducción de etanol a partir de yuca en condiciones de alta concentración de sólidos (VHG)3 aRESUMEN: La investigación realizada evalúa el efecto del medio fermentativo y la concentración de azúcares iniciales sobre la producción de etanol en sistemas batch, cuando se emplean sacarificados de harina de yuca (Manihot esculenta), como fuente de carbono. El diseño experimental ejecutado fue de tipo bifactorial de efectos fijos y analiza la productividad de bioetanol en cuatro medios fermentativos diferentes, dos de los cuales se suplementaron con sacarificados de harina de yuca variedad Copiblanca. Las concentraciones de azúcares iniciales evaluadas en estos sustratos fueron de 250, 300 y 350 g/L. Estos tratamientos fermentativos fueron inoculados con una variedad etanologénica comercial de S. cerevisiae a una concentración de 0.05% (p/v). Las condiciones de proceso incluyeron un volumen final de 150 mL, una incubación a 35°C por 48 horas, agitación constante de 150 rpm y pH entre 4.0 y 4.5. Los sacarificados provenientes de esta variedad de yuca usados como fuente de carbono, mostraron ser excelentes sustratos para la obtención de etanol. Se evidenciaron aumentos de más del 500% en términos de productividad volumétrica con respecto al control experimental y se alcanzaron concentraciones finales de etanol del 14.7%v/v, asociadas a rendimientos producto/sustrato de 0,48 g/g y productividades de 2,4 g/L/h. Estos parámetros cinéticos fueron logrados con el medio fermentativo más simple evaluado, medio compuesto por los sacarificados como fuente de carbono y como única fuente nutricional, bajo concentraciones de azúcares iniciales de 250g/L; lo que demuestra la aptitud de estos sustratos para efectos de producción etanólica. aEtanol971084 aBioetanol9111168 aHarina de yuca930680 7aFermentación2lemb9277710aCastaño Peláez, Hader Iván4auteaut950100710aAtehortúa Garcés, Lucía4aut0(viaf)304972905eaut950429610aAcosta Cárdenas, Alejandro4auteaut951662410aMejia Gómez, Carlos Eduardo4auteaut95437560 tRevista Colombiana de BiotecnologíagVolumen 16, Número 01, Julio 2014, 163-170w703187x0123-34750225738 cARIMP c835534d835534